Statistiques concernant Football - Anciens joueurs d'Arsenal (moins de 60 matchs)

Cliquez ici pour prendre le quiz!

Statistiques générales

  • Ce quiz a été pris 130 fois
  • Le résultat moyen est 6 sur 10

Statistiques - réponses

Nationalité - Dernier clubSaisonsPosteRéponse% Correct
Argentine - Aston Villa2012 - 2020GardienEmiliano Martínez
94%
Algérie - AC Milan2015 - 2016MilieuIsmaël Bennacer
89%
Australie - AZ Alkmaar2020 - 2021GardienMathew Ryan
83%
Arménie - Inter Milan2018 - 2019MilieuHenrikh Mkhitaryan
74%
Allemagne - Bayern Munich2012 - 2015AttaquantSerge Gnabry
73%
Brésil - Fulham2020 - 2021AttaquantWillian
57%
France - RWD Molenbeek2016 - 2018MilieuJeff Reine-Adélaïde
27%
Finlande - Leeds United2015 - 2016MilieuGlen Kamara
25%
France - PSG (retraité)2007 - 2008MilieuLassana Diarra
23%
Espagne - Villareal2018 - 2019MilieuDenis Suárez
22%

Distribution des résultats

Percentile par nombre de réponses

% des personnes avec chaque résultat

Votre développement - résultats

Vous n’avez pas pris ce quiz